000
00209nam a22000857a 4500
008
161201b xxu||||| |||| 00| 0 eng d
100
_9
1649
_a
Meesukhon.P
245
_a
Fox Stories
260
_a
New Delhi
_b
USA.M.B
_c
2008
999
_c
4362
_d
4362